000 00591nam a2200241 a 4500
001 0001-1325
003 ELIB.Books
008 150806 2010 eng
020 _a1880032422
035 _a(ELIB.Books)0001-1480
092 _a330.1
_bCho
100 _aChopra, Deepak.
245 _aCreating Affluence
260 _asan Rafael
_bAmber-Allen Publishing
_c1993
300 _a105
_c19 Cm
500 _aDr. Min Oo
650 _aWealth
856 _nKBTS: Library
_uKBTS: Elib
942 _2ddc
_cBK
990 _a1
998 _cbat
_e2015-08-06
999 _c11325
_d11325